| 000 | 00420nam a22001697a 4500 | ||
|---|---|---|---|
| 003 | CEME | ||
| 005 | 20210628205437.0 | ||
| 008 | 210316b xxu||||| |||| 00| 0 eng d | ||
| 020 | _a0-471-53561-3 | ||
| 040 | _c. | ||
| 082 | _a004 OAK'C | ||
| 100 |
_aOakman, Robert L _975578 |
||
| 245 | _aThe computer triangle hardware software people | ||
| 260 |
_aNEWYORK _bJOHN WILEY _c1995 |
||
| 300 | _a336P | ||
| 942 |
_cBK _2ddc |
||
| 999 |
_c580973 _d580973 |
||